Analýza marketingového komunikačného mixu vo vybranej spoločnosti bakalárska práca

Salvato in:
Dettagli Bibliografici
Autore principale: Krajčiová, Ivana
Ente Autore: Obchodná fakulta EU. Katedra informatiky obchodných firiem
Altri autori: Škvarčeková, Oľga
Natura: Libro
Lingua:slovacco
Pubblicazione: Bratislava 2015
Tags: Aggiungi Tag
Nessun Tag, puoi essere il primo ad aggiungerne!!

MARC

LEADER 00000nbm a2200000 4500
001 0203180
005 20161212105142.4
041 0 |a slo 
044 |a SK 
245 1 0 |a Analýza marketingového komunikačného mixu vo vybranej spoločnosti  |b bakalárska práca  |c Ivana Krajčiová ; školiteľ: Oľga Škvarčeková 
264 1 |a Bratislava  |c 2015 
300 |a 47 s. 
100 1 |a Krajčiová, Ivana 
700 1 |a Škvarčeková, Oľga 
710 2 |a Obchodná fakulta EU. Katedra informatiky obchodných firiem